[Event "Harrogate 4NCL op-A 31st"]
[Site "Harrogate"]
[Date "2024.01.21"]
[Round "4"]
[White "Mesesan, Mircea Marius"]
[Black "White, Stuart A"]
[Result "0-1"]
[WhiteElo "1923"]
[BlackElo "2014"]
[PlyCount "88"]
[EventDate "2024.01.19"]
[EventType "swiss"]
[EventRounds "5"]
[EventCountry "ENG"]
[SourceTitle "CBM 218 Extra"]
[Source "ChessBase"]
[SourceDate "2024.03.31"]
[SourceVersion "1"]
[SourceVersionDate "2024.03.31"]
[SourceQuality "1"]

1. d4 d5 2. Nf3 Nf6 3. e3 c5 4. b3 Nc6 5. Bd3 Bg4 6. Bb2 cxd4 7. exd4 e6 8. 0-0 Bd6 9. h3 Bh5 10. Nbd2 0-0 11. a3 Qc7 12. Qe1 Bf4 13. g3 Bxd2 14. Nxd2 Bg6 15. Bxg6 hxg6 16. Qe3 Ne7 17. Rac1 Nf5 18. Qd3 Rfc8 19. c4 dxc4 20. Rxc4 Qd7 21. Rfc1 Rxc4 22. Rxc4 Rd8 23. Nf3 Qd5 24. g4 Ne7 25. Ne5 Nd7 26. Qe3 Nxe5 27. Qxe5 Qxe5 28. dxe5 Nc6 29. b4 Rd5 30. Kf1 Kf8 31. Ke2 Ke8 32. f4 Kd7 33. h4 b5 34. Re4 a5 35. bxa5 Nxa5 36. Bc3 Nc6 37. a4 Kc7 38. Ke3 Kb6 39. Bb2 b4 40. Rc4 Ra5 41. Ke4 Rxa4 42. Bd4+ Kb7 43. Bc5 b3 44. Rxa4 b2 0-1